[Event "Verbandsliga Sued Baden 0809"]
[Site "Germany"]
[Date "2008.10.12"]
[Round "2.6"]
[White "Fischer, Thomas"]
[Black "Zichanowicz, Mark"]
[Result "0-1"]
[WhiteElo "2213"]
[BlackElo "2201"]
[PlyCount "73"]
[EventDate "2008.09.28"]
[EventType "team-tourn"]
[EventRounds "9"]
[EventCountry "GER"]
[SourceTitle "EXT 2010"]
[Source "ChessBase"]
[SourceDate "2010.11.25"]
[SourceVersion "1"]
[SourceVersionDate "2010.11.25"]
[SourceQuality "1"]
[WhiteTeam "Dreilaendereck"]
[BlackTeam "Waldshut"]
[WhiteTeamCountry "GER"]
[BlackTeamCountry "GER"]

1. e4 d5 2. exd5 Qxd5 3. Nc3 Qa5 4. d4 c6 5. Bc4 Bf5 6. Bd2 e6 7. Qe2 Nf6 8. Nf3 Bb4 9. 0-0 Nbd7 10. a3 Bxc3 11. Bxc3 Qc7 12. Rfe1 0-0 13. Rad1 Bg4 14. Bd3 h6 15. h3 Bxf3 16. Qxf3 Qb6 17. b3 Rfe8 18. g4 Rad8 19. h4 Nd5 20. Bb2 Qc7 21. Bc1 e5 22. c4 Nc3 23. g5 Nxd1 24. gxh6 exd4 25. Rxd1 Qe5 26. hxg7 Nc5 27. Bf4 Qxg7+ 28. Kh2 Nxd3 29. Qxd3 Re6 30. h5 Qf6 31. Rg1+ Kf8 32. Qg3 Ke8 33. h6 Qf5 34. Qh4 Kd7 35. h7 Rh8 36. Rg8 Re8 37. Qh6 0-1

[Event "BSJ Elo-A"]
[Site "Oberhaching"]
[Date "2003.08.07"]
[Round "7"]
[White "Fischer, Thomas"]
[Black "Holzner, Stefan"]
[Result "1/2-1/2"]
[WhiteElo "2204"]
[BlackElo "2033"]
[PlyCount "120"]
[EventDate "2003.08.03"]
[EventType "tourn"]
[EventRounds "9"]
[EventCountry "GER"]
[SourceTitle "EXT 2004"]
[Source "ChessBase"]
[SourceDate "2003.11.25"]
[SourceVersion "1"]
[SourceVersionDate "2003.11.25"]
[SourceQuality "1"]

1. Nf3 d5 2. c4 c6 3. g3 Bf5 4. Bg2 Nf6 5. 0-0 dxc4 6. Na3 b5 7. Ne5 Qc7 8. d4 cxd3 9. Bf4 Qb6 10. Rc1 Be4 11. Bxe4 Nxe4 12. Qxd3 Nd6 13. Be3 Qb7 14. Qc2 Nd7 15. Qxc6 Qxc6 16. Nxc6 a6 17. Rfd1 g6 18. Bd4 f6 19. Nc2 Bh6 20. e3 Kf7 21. N2b4 Rhc8 22. Na7 Rxc1 23. Rxc1 e5 24. Rc7 Ke8 25. Bc3 a5 26. Nbc6 b4 27. Be1 Nc4 28. b3 Ncb6 29. Nxa5 Nd5 30. Rb7 Bf8 31. Kf1 Be7 32. N5c6 Nc5 33. Rb8+ Rxb8 34. Nxb8 Nd3 35. Bd2 e4 36. Nb5 f5 37. Nc6 Bf6 38. Nbd4 Kd7 39. Na5 Bxd4 40. exd4 Nf6 41. Nc4 Ng4 42. Ne5+ Ngxe5 43. dxe5 Ke6 44. Ke2 Kxe5 45. Be3 f4 46. gxf4+ Nxf4+ 47. Kd2 Nd5 48. Bc5 g5 49. a4 bxa3 50. Bxa3 Kd4 51. Bb2+ Kc5 52. Bc3 g4 53. Bg7 Kb4 54. Kc2 e3 55. Bf8+ Kb5 56. fxe3 Nxe3+ 57. Kc3 Nf1 58. Bd6 h5 59. Kd3 h4 60. Ke2 Nxh2 1/2-1/2